| 000 | 00000nam 2200000za 4500 |
| 001 | 9.840466 |
| 003 | CaOODSP |
| 005 | 20221107151841 |
| 007 | cr ||||||||||| |
| 008 | 170726s1995 onc |o f|0| 0 eng d |
| 040 | |aCaOODSP|beng |
| 043 | |an-cn--- |
| 086 | 1 |aCS16-0004/1995E-PDF |
| 100 | 1 |aSmith, Philip. |
| 245 | 10|aEnvironmental statistics and sustainability indicators |h[electronic resource] : |bthe work of Statistics Canada / |cPhilip Smith. |
| 260 | |a[Ottawa] : |bStatistics Canada, |c1995. |
| 300 | |a22 p. |
| 500 | |aIssued also in French under title: Les statistiques de l'environnement et les indicateurs de rendement durable : le travail de Statistique Canada. |
| 500 | |aDigitized edition from print [produced by Statistics Canada]. |
| 500 | |a"November 1, 1995." |
| 504 | |aIncludes bibliographic references. |
| 520 | |a"A consideration of Statistics Canada's effort to provide statistical information for the purpose of environmental policy development, monitoring, assessment and research within a framework of government policies increasingly focused on sustainable development"--Title page. |
| 692 | 07|2gccst|aEnvironmental policy |
| 692 | 07|2gccst|aEnvironmental indicators |
| 692 | 07|2gccst|aStatistics |
| 710 | 2 |aStatistics Canada.|bNational Accounts and Environment Division. |
| 775 | 08|tLes statistiques de l'environnement et les indicateurs de rendement durable |w(CaOODSP)9.840468 |
| 856 | 40|qPDF|s3.42 MB|uhttps://publications.gc.ca/collections/collection_2017/statcan/CS16-0004-1995-eng.pdf |